000 00360nam a2200133Ia 4500
008 220216s9999 xx 000 0 und d
100 _aChandrasekera L B
245 0 _aRecommended planting material - 1973
260 _bRubber Research Institute of Ceylon Bulletin
_c1972
300 _a85-87
650 _aCeylon
650 _aPlanting material
942 _cJS
999 _c66536
_d66536